000 00519nam a2200217Ia 4500
003 OSt
005 20220924134422.0
006 a|||||r|||| 00| 0
007 ta
008 220923b |||||||| |||| 00| 0 snd d
024 _a274127
037 _cTextual
040 _aARTS
_cARTS
_bsnd
041 _2snd
_asnd
082 _aQ2:25x, 1593K7
100 _aPrabhudas
_9208503
245 0 _aSantwani
260 _c1967
942 _hQ2:25x, 1593K7
_cTEXL
_2CC
999 _c437378
_d437378